Music Quiz

Random Music or Lyrics Quiz

Guess the Lyrics I Quiz Stats

Quiz not verified by Sporcle

Challenge
Share
Tweet
Embed
Score 0/227 Timer 10:00
1 Play Today
% Correct
I
96.4%
I
96.4%
I
96.4%
I
96.4%
I
96.4%
I
96.4%
I
96.4%
A
95.1%
THE
91.8%
THE
91.8%
THE
91.8%
THE
91.8%
THE
91.8%
THE
91.8%
THE
91.8%
YOU
89.5%
YOU
89.5%
YOU
89.5%
YOU
89.5%
YOU
89.5%
YOU
89.5%
YOU
89.5%
YOU
89.5%
YOU
89.5%
TO
80.7%
TO
80.7%
TO
80.7%
TO
80.7%
TO
80.7%
TO
80.7%
WE
79.2%
AND
79.1%
AND
79.1%
ME
76.9%
BE
76.8%
BE
76.8%
HE
75.7%
HE
75.7%
HE
75.7%
LOVE
75.6%
LOVE
75.6%
IS
72.3%
IT
72%
IT
72%
CAN
69.7%
CAN
69.7%
IN
69.2%
IF
64%
IF
64%
MY
60.4%
MY
60.4%
MY
60.4%
MY
60.4%
ONE
58.4%
ONE
58.4%
OF
57.4%
KNOW
55.8%
THAT
53.7%
HER
51.2%
HAVE
51.2%
DON'T
51%
THIS
48.2%
THIS
48.2%
THIS
48.2%
THIS
48.2%
NOT
48.2%
MAN
47.9%
I'M
45.3%
THEN
42.6%
JUST
42.4%
JUST
42.4%
LIKE
41.2%
TAKE
40.7%
TAKE
40.7%
TAKE
40.7%
WITH
40.6%
% Correct
WITH
40.6%
WITH
40.6%
WITH
40.6%
WITH
40.6%
WITH
40.6%
WITH
40.6%
WITH
40.6%
WITH
40.6%
WITH
40.6%
WITH
40.6%
WITH
40.6%
WITH
40.6%
WITH
40.6%
I'LL
39%
I'LL
39%
I'LL
39%
I'LL
39%
I'LL
39%
I'LL
39%
I'LL
39%
I'LL
39%
I'LL
39%
I'LL
39%
I'LL
39%
LIFE
36%
LIFE
36%
LIFE
36%
HAD
35.7%
BY
33%
BY
33%
NOW
31.9%
NOW
31.9%
ONLY
31.2%
WELL
30.4%
WELL
30.4%
HAS
29.1%
HAS
29.1%
DOWN
28.2%
GONNA
27.5%
SHOW
26.4%
SHOW
26.4%
SHOW
26.4%
SHOW
26.4%
SHOW
26.4%
SHOW
26.4%
SHOW
26.4%
SHOW
26.4%
SHOW
26.4%
WISH
23.7%
UNDER
23.1%
UNDER
23.1%
UNDER
23.1%
EVERYTHING
22.9%
EVERYTHING
22.9%
EVERYTHING
22.9%
EVERYTHING
22.9%
EVERYTHING
22.9%
EVERYTHING
22.9%
EVERYTHING
22.9%
EVERYTHING
22.9%
EVERYTHING
22.9%
HAND
22.6%
WORLD
22.1%
CHANGE
21.9%
TODAY
21.6%
YEAH
21.2%
YEAH
21.2%
HE'S
20.8%
EYES
20%
HEARD
19.9%
OPEN
19.8%
OPEN
19.8%
OPEN
19.8%
OPEN
19.8%
OPEN
19.8%
OPEN
19.8%
% Correct
OPEN
19.8%
OPEN
19.8%
OPEN
19.8%
OPEN
19.8%
OPEN
19.8%
OPEN
19.8%
OPEN
19.8%
OPEN
19.8%
OPEN
19.8%
OPEN
19.8%
HOLD
19.3%
ARMS
19.2%
ARMS
19.2%
ARMS
19.2%
ARMS
19.2%
ARMS
19.2%
ARMS
19.2%
ARMS
19.2%
ARMS
19.2%
ARMS
19.2%
ARMS
19.2%
ARMS
19.2%
ARMS
19.2%
ARMS
19.2%
ARMS
19.2%
NEWS
18.9%
AW
18.1%
AW
18.1%
WIDE
18.1%
WIDE
18.1%
WIDE
18.1%
WIDE
18.1%
WIDE
18.1%
WIDE
18.1%
WIDE
18.1%
WIDE
18.1%
WIDE
18.1%
WIDE
18.1%
WIDE
18.1%
WIDE
18.1%
WIDE
18.1%
WIDE
18.1%
WIDE
18.1%
WIDE
18.1%
HOPE
16.8%
HOPE
16.8%
SIDE
16.5%
READY
16.3%
CLOSE
16.2%
PLACE
16.2%
PLACE
16.2%
PLACE
16.2%
SEEMS
15.7%
FACE
14.8%
WELCOME
12.7%
WELCOME
12.7%
WELCOME
12.7%
WE'VE
12.2%
TEARS
12%
BEGIN
11.9%
JOY
11.6%
STAND
11.4%
SUNLIGHT
11.3%
SUNLIGHT
11.3%
SUNLIGHT
11.3%
BREATH
11.1%
PRAY
11.1%
CHANGED
10.3%
CHANGED
10.3%
STREAM
9.9%
DEMAND
8.3%
UNDERSTANDS
8.1%
CREATED
7.7%
AWE
6.8%
GREET
6.5%

You're not logged in!

Compare scores with friends on all Sporcle quizzes.
Join for Free
OR
Log In

You Might Also Like...

Show Comments

Extras

Top Quizzes Today


Score Distribution

Your Account Isn't Verified!

In order to create a playlist on Sporcle, you need to verify the email address you used during registration. Go to your Sporcle Settings to finish the process.

Report this User

Report this user for behavior that violates our Community Guidelines.

Details: